• 首页
  • 本馆介绍
  • 公告通知
  • 最新文献
  • 馆藏检索
  • 电子资源
  • 读者导购
  • 参考咨询
  • 我的图书馆
  • 登录
  • 详细信息显示
  • 放入我的书架
  • 预约/预借图书
  • 作者相关作品
  • 分类相关作品
  • 丛书相关作品
  • 出版社相关作品

书目信息

  • 表格格式
  • 工作单格式
  • 卡片格式
题名:
化工分析技术
    
 
作者: 张圣麟 , 徐燏 , 王绍领 主编
分册:  
出版信息: 北京   化学工业出版社  2008
页数: 321页
开本: 26cm
丛书名:
单 册:
中图分类: TQ014
科图分类:
主题词: 化学工业--分析方法--高等学校--教材 , 化学工业 , 分析方法
电子资源:
ISBN: 978-7-122-03338-3
000 01009nam0 2200289 45
001 1356801624
005 20130514160302.12
010    @a978-7-122-03338-3@dCNY39.80
100    @a20130108d2008 ekmy0chiy0120 ea
101 0  @achi
102    @aCN@b110000
105    @aa z 000yy
106    @ar
200 1  @a化工分析技术@AHua Gong Fen Xi Ji Shu@f张圣麟,徐燏,王绍领主编@FZhang Sheng Lin, Xu燏, Wang Shao Ling Zhu Bian
210    @a北京@c化学工业出版社@d2008
215    @a321页@c图@d26cm
300    @a高等学校教材
330    @a本书以定量分析的基本理论为基础,重点介绍化工分析中常见的分析方法,内容包括酸碱中和滴定、氧化还原滴定、配位滴定、沉淀滴定、非水溶液滴定、重量分析、有机分析等。
606 0  @a化学工业@x分析方法@x高等学校@j教材
606 0  @a化学工业
606 0  @a分析方法
690    @aTQ014@v5
701  0 @a张圣麟@AZhang Sheng Lin@4主编
701  0 @a徐燏@AXu燏@4主编
701  0 @a王绍领@AWang Shao Ling@4主编
801    @aCN@bTANGWEI@c20130108
905    @b0829601-05@dTQ014@e208@f5
    
    化工分析技术/张圣麟,徐燏,王绍领主编.-北京:化学工业出版社,2008
    321页:图;26cm
    高等学校教材
    
    ISBN 978-7-122-03338-3:CNY39.80
    本书以定量分析的基本理论为基础,重点介绍化工分析中常见的分析方法,内容包括酸碱中和滴定、氧化还原滴定、配位滴定、沉淀滴定、非水溶液滴定、重量分析、有机分析等。
●
相关链接 在E读中查询图书 在五车中查询图书 在当当中查询图书 在豆瓣中查询图书


正题名:化工分析技术     索取号:TQ014/208         预约/预借

序号 登录号 条形码 馆藏地/架位号 状态 备注
1 0829601   208296011   第二样本阅览室/ [索取号:TQ014/208] 在馆    
2 0829602   208296020   第三借阅区/ [索取号:TQ014/208] 在馆    
3 0829603   208296039   第三借阅区/ [索取号:TQ014/208] 在馆    
4 0829604   208296048   第三借阅区/ [索取号:TQ014/208] 在馆    
5 0829605   208296057   第三借阅区/ [索取号:TQ014/208] 在馆    
欢迎您!
大连网信软件有限公司© 版权所有